000 00543nam a2200181 a 4500
001 000019560
005 20200929170046.0
008 100630s1969 xxua 000 0 spa d
040 _aDO-SdBNP
_bspa
_cBNPHU
082 _annnn
_bP831c
245 0 0 _aPopulation :
_bchallenging world crisis /
_cedited by Bernard Berelson.
260 _aUnited States :
_bForum,
_c1969.
300 _a335, [3] p. :
_bil. ;
_c21 cm.
490 1 _aVoice of America
700 1 _aBerelson, Bernard,
_eed.
_941970
830 0 _aVoice of America
_941971
049 _aBNGR
999 _c19076
_d19076